Treasure Hunt! II Quiz Stats

 Plays Quiz Updated Dec 29, 2016

Support Sporcle.
Go Orange.
Score 0/67 Timer 09:00
4 Plays Today
% Correct
???
100%
???
92.3%
???
82.2%
???
73.1%
???
64.9%
???
59.4%
???
56.9%
???
45%
???
37.9%
???
33.9%
???
32.7%
???
27.3%
???
23.9%
???
23.2%
???
23%
???
22.7%
???
22.4%
???
21.8%
???
21.7%
???
18.6%
???
18.1%
???
17.1%
???
16.1%
???
15.4%
???
14.5%
???
14.4%
???
14.1%
???
13.7%
???
13.1%
???
12.4%
???
11.3%
???
10.5%
???
10.4%
???
10.3%
% Correct
???
10.2%
???
9.9%
???
9.6%
???
9.5%
???
9.5%
???
9.5%
???
9.5%
???
9%
???
9%
???
9%
???
8.9%
???
8.9%
???
8.4%
???
8.4%
???
8.4%
???
8.4%
???
8.3%
???
7.5%
???
7.4%
???
7.4%
???
6.3%
???
6.3%
???
6.3%
???
6.2%
???
6.1%
???
5.8%
???
5.8%
???
5.7%
???
5.6%
???
5.6%
???
5.6%
???
5.6%
???
5.6%

You're not logged in!

Compare scores with friends on all Sporcle quizzes.
OR
Log In
Forgot?

From the Vault

Rhymes with 'Late'

by HovercraftEels

It's high time to rhyme.
Remove Ads.
Support Sporcle.
Get the best of Sporcle when you Go Orange. This ad-free experience offers more features, more stats, and more fun while also helping to support Sporcle. Thank you for becoming a member.

Show Comments

Extras

Top Quizzes Today


Score Distribution

Your Account Isn't Verified!

In order to create a playlist on Sporcle, you need to verify the email address you used during registration. Go to your Sporcle Settings to finish the process.

Report this User

Report this user for behavior that violates our Community Guidelines.

Details: